Un beso para osito / (Registro nro. 11923)
[ vista simple ]
| 000 -LEADER | |
|---|---|
| fixed length control field | 01027cam a2200349 i 4500 |
| 001 - CONTROL NUMBER | |
| control field | 0000813 |
| 003 - CONTROL NUMBER IDENTIFIER | |
| control field | DO-SdBNP |
| 005 - DATE AND TIME OF LATEST TRANSACTION | |
| control field | 20180212105813.0 |
| 007 - PHYSICAL DESCRIPTION FIXED FIELD--GENERAL INFORMATION | |
| fixed length control field | 0000813 |
| 008 - FIXED-LENGTH DATA ELEMENTS--GENERAL INFORMATION | |
| fixed length control field | 100514s 1999 sp a | |||| 000 f spa |
| 015 ## - NATIONAL BIBLIOGRAPHY NUMBER | |
| National bibliography number | |
| 017 ## - COPYRIGHT OR LEGAL DEPOSIT NUMBER | |
| Copyright or legal deposit number | |
| Assigning agency | |
| 020 ## - INTERNATIONAL STANDARD BOOK NUMBER | |
| International Standard Book Number | 8420448273 |
| 035 ## - SYSTEM CONTROL NUMBER | |
| System control number | |
| 040 ## - CATALOGING SOURCE | |
| Original cataloging agency | BPMSU |
| Language of cataloging | spa |
| Transcribing agency | BPMSU |
| Description conventions | |
| 080 ## - UNIVERSAL DECIMAL CLASSIFICATION NUMBER | |
| Universal Decimal Classification number | |
| 100 1# - MAIN ENTRY--PERSONAL NAME | |
| Personal name | Holmelund Minarik, Else, |
| Dates associated with a name | 1920- |
| 240 1# - UNIFORM TITLE | |
| Uniform title | <a href="A kiss for little bear /">A kiss for little bear /</a> |
| Language of a work | Español |
| 245 13 - TITLE STATEMENT | |
| Title | Un beso para osito / |
| Statement of responsibility, etc. | Else Holmelund Minarik ; ilustraciones Maurice Sendak ; traducción María Puncel. |
| Medium | |
| 250 ## - EDITION STATEMENT | |
| Edition statement | 6a. reimpr. |
| 260 ## - PUBLICATION, DISTRIBUTION, ETC. (IMPRINT) | |
| Place of publication, distribution, etc. | Madrid : |
| Name of publisher, distributor, etc. | Alfaguara, |
| -- | Grupo Santillana, |
| Date of publication, distribution, etc. | 1999. |
| 300 ## - PHYSICAL DESCRIPTION | |
| Extent | 32 p. : |
| Other physical details | il. ; |
| Dimensions | 19 m |
| 490 1# - SERIES STATEMENT | |
| Series statement | Alfaguara infantil |
| 500 ## - GENERAL NOTE | |
| General note | Incluye datos biográficos del autor. |
| 521 ## - TARGET AUDIENCE NOTE | |
| Target audience note | A partir de 6 años. |
| 700 12 - ADDED ENTRY--PERSONAL NAME | |
| Personal name | Sendak, Maurice, |
| Relator term | il. |
| 700 12 - ADDED ENTRY--PERSONAL NAME | |
| Personal name | Puncel, María, |
| Relator term | trad. |
| 830 #0 - SERIES ADDED ENTRY--UNIFORM TITLE | |
| Uniform title | Alfaguara infantil |
| 942 ## - ADDED ENTRY ELEMENTS (KOHA) | |
| Source of classification or shelving scheme | Dewey Decimal Classification |
| Koha item type | Libros |
| 945 ## - LOCAL PROCESSING INFORMATION (OCLC) | |
| a | Inventariado, 2018/LP |
| 956 ## - LOCAL ELECTRONIC LOCATION AND ACCESS (OCLC) | |
| Host name | YLOCKWARD |
| Field link and sequence number | 10 |
| Compression information | BPMSU |
| Withdrawn status | Lost status | Source of classification or shelving scheme | Damaged status | Not for loan | Collection code | Home library | Current library | Date acquired | Source of acquisition | Total Checkouts | Barcode | Date last seen | Price effective from | Koha item type |
|---|---|---|---|---|---|---|---|---|---|---|---|---|---|---|
| Dewey Decimal Classification | Colección Infantil General | Biblioteca Pública Metropolitana Salomé Ureña | Biblioteca Pública Metropolitana Salomé Ureña | 11/14/2016 | Sin sellar | BPMSU16111242 | 11/14/2016 | 11/14/2016 | Libros |